000 00930nam a2200289 i 4500
001 bg
100 1 _aREICHARD, Kevin
245 1 0 _aUNIX - łączność i sieci /
_cKevin Reichard, David Burnette ; z ang. przeł. Krzysztof Turczyński.
246 _iTyt. oryg.:
_aUNIX fundamentals : Unix communications and networking
260 _aWarszawa :
_b"Mikom",
_c1996.
300 _a199 s. :
_brys. ;
_c24 cm.
490 1 _aPodstawy Systemu UNIX
500 _aOryg. : "UNIX fundamentals : Unix communications and networking".
504 _aIndeks.
630 0 9 _aINTERNET
_xprogramowanie
630 0 9 _aUNIX
650 9 _aPoczta elektroniczna
_xprogramowanie
700 1 _aBURNETTE, David
830 _aPodstawy Systemu UNIX
020 _a8371580061
040 _cBPK
041 1 _apl
_henen
080 _a681.322.066UNIX:681.324
920 _a83-7158-006-1
942 _cKS
008 s pl f |000 0 pol
999 _c32059
_d32059
856 _uhttp://koha.tu.koszalin.pl/cgi-bin/koha/opac-detail.pl?biblionumber=32059
_yKatalog online BPK